[Event "BL Meisterschaftsturnier 2020"]
[Site "Karlsruhe"]
[Date "2020.09.19"]
[Round "5.7"]
[White "Lanka, Zigurds"]
[Black "Lamby, Philipp"]
[Result "1-0"]
[WhiteElo "2391"]
[BlackElo "2130"]
[Annotator "TA"]
[PlyCount "63"]
[EventDate "2020.09.16"]
[EventType "team-tourn"]
[EventCountry "GER"]
[SourceTitle "playchess.com"]
[Source "ChessBase"]
[SourceQuality "1"]
[WhiteTeam "Viernheim"]
[BlackTeam "Aachen"]

{[%evp 12,63,11,11,24,27,19,18,28,33,35,19,30,9,9,1,5,-4,-18,-11,0,0,18,0,160,159,158,163,162,156,162,154,168,161,177,140,364,119,218,227,227,220,211,167,167,132,186,184,197,195,222,212,222,216]} 1. e4 e5 2. Nf3 Nc6 3. Bb5 a6 4. Ba4 Nf6 5. d3 b5 6. Bb3 Bc5 {Nowadays more popular than 6...Be7.} 7. Nc3 d6 {C77: Ruy Lopez: 3...a6 4 Ba4 Nf6, unusual lines.} 8. Nd5 h6 9. c3 Nxd5 {The position is equal.} 10. Bxd5 Bd7 11. d4 {[#]} Bb6 $146 ({Predecessor:} 11... exd4 12. cxd4 Bb6 13. Be3 O-O 14. Rc1 Qe8 15. O-O Rb8 16. a3 Ne7 17. Ba2 Ng6 {1-0 (28) Jaracz,P (2465)-Dubinski,M (2249) Wroclaw 2017}) 12. Be3 Rb8 13. O-O O-O 14. Kh1 Qe7 15. Re1 exd4 16. cxd4 Nb4 17. Bb3 $1 Qxe4 $2 ({Black should try} 17... Bg4 $11) 18. Bd2 $1 $16 {[%csl LRb4,LRe4][%mdl 64] Discovered Attack} Nd3 19. Rxe4 Nxf2+ 20. Kg1 Nxd1 21. Rxd1 Bc6 22. Rg4 {Threatens to win with Bxh6.} Kh8 23. Re1 g5 $2 {[#]} (23... a5 $16 24. Kh1 a4) 24. Rg3 $2 (24. Nxg5 $1 $18 {[%mdl 512] and the rest is easy.} hxg5 25. Bxg5) 24... Bxf3 (24... Rbe8 $16) 25. Rxf3 $18 {White is clearly better.} Bxd4+ 26. Kf1 $1 Be5 27. h4 f6 28. Bc3 b4 {[#]} (28... Kg7 $16 {was worth a try.} 29. Bd5 b4) 29. Bxe5 $1 fxe5 30. hxg5 hxg5 {[#]} 31. Ke2 $1 Rxf3 32. Kxf3 {Accuracy: White = 74%, Black = 67%.} ({Don't play} 32. gxf3 $6 Kg7 $16) 1-0

[Event "BL Meisterschaftsturnier 2020"]
[Site "Karlsruhe"]
[Date "2020.09.19"]
[Round "5.8"]
[White "Reuker, Jari"]
[Black "Movsesian, Sergei"]
[Result "1/2-1/2"]
[WhiteElo "2401"]
[BlackElo "2649"]
[Annotator "TA"]
[PlyCount "88"]
[EventDate "2020.09.16"]
[EventType "team-tourn"]
[EventCountry "GER"]
[SourceTitle "playchess.com"]
[Source "ChessBase"]
[SourceQuality "1"]
[WhiteTeam "Werder Bremen"]
[BlackTeam "Baden-Baden"]

{[%evp 12,88,48,41,50,51,53,44,60,37,41,30,23,22,56,24,82,0,0,-38,-41,-56,-53,-50,-52,-98,-103,-88,0,0,0,0,0,0,0,-15,-23,-58,-58,-62,0,0,43,35,35,27,39,10,20,28,60,43,53,57,52,2,7,0,15,16,16,16,21,0,0,0,0,0,0,0,0,0,16,16,16,13,12,0,0]} 1. e4 c5 2. Nf3 e6 3. d4 cxd4 4. Nxd4 Nc6 5. Nc3 d6 6. Be3 a6 7. Qd2 Nf6 {B54: Sicilian: 2...d6 3 d4 cxd4 4 Nxd4, Unusual Lines .} 8. O-O-O Bd7 9. f3 h5 {White is slightly better.} 10. Nxc6 Bxc6 {[#]} 11. Bf4 $146 ({Predecessor:} 11. Ne2 b5 12. Nd4 Bd7 13. Bd3 Qb8 14. Bg5 a5 15. Rhe1 b4 16. Bc4 Ra7 17. Kb1 {1-0 (27) Ganguly,S (2573)-Venkatesh,M (2466) Pune 2006}) 11... d5 {[%cal Rd5e4]} 12. Qe1 Bb4 13. a3 Ba5 (13... Bxc3 $11 {keeps the balance.} 14. Qxc3 O-O) 14. Bg5 (14. exd5 $16 Bxd5 15. Be5 Bxc3 16. Bxc3 (16. Qxc3 O-O $14)) 14... d4 $1 $11 15. b4 {[#] Hoping for e5.} Bb6 $1 16. e5 Qc7 17. exf6 gxf6 18. Bd2 {And now Ne4 would win.} dxc3 19. Bxc3 a5 (19... Ba4 $17) 20. Kb2 axb4 21. axb4 Ke7 22. Qh4 Rh6 $1 23. Bc4 Rc8 $1 {[#] Threatens to win with ...Ba4.} 24. Rd3 Be8 $1 25. Kb3 Rg6 ({But not} 25... Qc6 $6 26. Ra1 $14) (25... Kf8 $15 26. Rhd1 Rg6) 26. Re1 $1 {[%cal Re1e4]} Bf2 (26... Kf8 $5 {[%cal Rg6g4]} 27. Re4 Bc6 $11) 27. Qxf2 {aiming for Qd4.} Qxc4+ 28. Kb2 Bb5 29. g3 Qc6 30. Rde3 Rgg8 31. Bd4 {Strongly threatening Rc3.} Rgd8 32. Rc3 Qd5 33. Bc5+ Ke8 $132 {[%mdl 2048] White must now prevent ...b6! Black is fighting back. The position is equal.} 34. Qe3 Ra8 {( -> ...Qa2+)} 35. Ra3 Rxa3 36. Qxa3 Bc6 37. f4 (37. Re4 {is more complex.} Rc8 38. Re3 Qc4 39. f4 Qb5 40. Qa2) 37... Qc4 38. Qc3 (38. Re3 {feels hotter.} Be4 39. Rc3 Qb5 40. Qa7 f5 41. Bb6) 38... Qxc3+ 39. Kxc3 {[%mdl 4096] Endgame KRB-KRB} f5 40. Bd4 Be4 41. Rc1 Rc8+ 42. Kb2 b5 43. c3 Ra8 44. Ra1 Rxa1 {Accuracy: White = 82%, Black = 85%.} 1/2-1/2

[Event "BL Meisterschaftsturnier 2020"]
[Site "Karlsruhe"]
[Date "2020.09.19"]
[Round "5.8"]
[White "Jablonowski, Christoph"]
[Black "Heinemann, Josefine"]
[Result "0-1"]
[WhiteElo "1969"]
[BlackElo "2289"]
[Annotator "TA"]
[PlyCount "77"]
[EventDate "2020.09.16"]
[EventType "team-tourn"]
[EventCountry "GER"]
[SourceTitle "playchess.com"]
[Source "ChessBase"]
[SourceQuality "1"]
[WhiteTeam "Aachen"]
[BlackTeam "Viernheim"]

{[%evp 9,77,-2,7,7,7,0,2,4,6,0,14,0,30,33,41,0,0,0,18,8,31,0,0,-13,0,-36,-25,-62,-9,-89,-90,-209,-68,-68,-68,-68,-59,-96,-116,-374,-311,-508,0,0,0,0,0,0,0,0,6,6,9,9,39,0,0,0,-1,-64,-72,-73,-64,-66,-39,-972,-935,-1125,-1125,-1363]} 1. d4 Nf6 2. c4 g6 3. Nc3 d5 4. Nf3 Bg7 5. h4 c6 6. cxd5 {D90: Grünfeld: 4 Nf3 Bg7 sidelines.} cxd5 7. Bf4 O-O 8. e3 {The position is equal.} Nc6 9. Qb3 Na5 10. Qb4 b6 {[#]} (10... Nc6 $5 {[%cal Rc6b4]} 11. Qb3 Na5 $11) 11. Rc1 $146 ({Predecessor:} 11. Ne5 Bf5 12. Be2 Ne4 13. Nxe4 dxe4 14. h5 Rc8 15. hxg6 hxg6 16. O-O Rc2 17. Bd1 {½-½ (55) Petrosyan,M (2607)-Yashmetov,M (2298) chess.com INT 2020}) 11... Bb7 12. Ne5 Rc8 13. Be2 Nd7 14. Nf3 h6 15. h5 {[#] Black must now prevent hxg6.} g5 16. Bh2 e6 17. Qa3 Re8 18. b4 Bf8 (18... Qe7 $15) 19. Qb2 (19. O-O $11 {remains equal.}) 19... Nc4 $17 20. Qb3 (20. Bxc4 $17 {keeps fighting.} dxc4 21. O-O) 20... Nf6 ({Black should try} 20... g4 $19 21. Nd2 Qh4) 21. Ne5 $15 Qe7 22. a3 a6 23. Bxc4 dxc4 24. Nxc4 $2 {[%mdl 8192]} (24. Qc2 $17 {was called for.}) 24... Bd5 25. Bd6 $2 (25. Nxd5 exd5 26. O-O dxc4 27. Rxc4) 25... Bxc4 $2 (25... Qb7 $19 26. Bc5 bxc5 27. Nxd5 exd5) 26. Bxe7 $11 Bxb3 27. Bxf6 a5 28. O-O axb4 29. axb4 Bxb4 30. Ne4 Bc4 $132 {[%mdl 2048] Black is not keeping still} 31. Rfd1 Bd5 32. Rxc8 Rxc8 33. Rb1 Ba3 34. Nd2 (34. f3 $11) 34... Rc1+ $1 $15 35. Rxc1 Bxc1 36. Nf3 b5 {[%cal Bb6b5,Bb5b4,Bb4b3][%mdl 32] [#] And now ...b4 would win.} 37. Ne5 $2 {[%mdl 8192]} (37. Be7 $15) 37... b4 $19 38. Nd3 b3 39. e4 {Accuracy: White = 38%, Black = 73%.} 0-1

[Event "BL Meisterschaftsturnier 2020"]
[Site "Karlsruhe"]
[Date "2020.09.19"]
[Round "5.9"]
[White "Heimann, Andreas"]
[Black "Gumularz, Szymon"]
[Result "1/2-1/2"]
[WhiteElo "2617"]
[BlackElo "2518"]
[Annotator "TA"]
[PlyCount "61"]
[EventDate "2020.09.16"]
[EventType "team-tourn"]
[EventCountry "GER"]
[SourceTitle "playchess.com"]
[Source "ChessBase"]
[SourceQuality "1"]
[WhiteTeam "Deizisau"]
[BlackTeam "SF Berlin"]

{[%evp 10,61,19,29,27,19,30,17,22,23,31,30,25,30,35,38,36,36,37,37,41,52,41,34,41,41,41,39,34,39,53,21,40,37,47,39,60,60,54,53,43,16,56,72,67,64,68,22,31,0,0,0,0,-26]} 1. e4 c6 2. Nc3 d5 3. Nf3 dxe4 4. Nxe4 Nf6 5. Qe2 Nxe4 6. Qxe4 Be6 {B11: Caro-Kann: Two Knights Variation.} 7. c4 Nd7 8. Be2 Nf6 {[#]} 9. Qe3 $146 ({Predecessor:} 9. Qc2 g6 10. O-O Bg7 11. d4 Bf5 12. Qb3 Qb6 13. Be3 O-O 14. h3 Nd7 15. Qa3 {1-0 (41) Gazik,V (2502)-Piliposyan,R (2199) chess.com INT 2020}) 9... Bg4 10. h3 Bxf3 11. Bxf3 g6 12. O-O Bg7 13. d4 O-O 14. Rd1 a5 15. Qb3 Qc7 16. Be3 a4 17. Qb4 e6 18. Rac1 Qd7 19. Bf4 Rfd8 20. Be5 Ra6 21. g3 Ne8 22. Bxg7 Nxg7 23. d5 cxd5 24. cxd5 e5 25. Bg4 Qd6 26. Qxb7 {[#] Strongly threatening Rc6.} Rb6 27. Qa7 {Threatens to win with Rc6!} Rxb2 28. Rc6 Qf8 29. Qxa4 h5 $1 {[%cal Rh5g4]} 30. Bf3 Nf5 $1 31. Bg2 {Accuracy: White = 81%, Black = 96%.} 1/2-1/2

[Event "BL Meisterschaftsturnier 2020"]
[Site "Karlsruhe"]
[Date "2020.09.19"]
[Round "5.9"]
[White "Huschenbeth, Niclas"]
[Black "L'Ami, Erwin"]
[Result "1-0"]
[WhiteElo "2612"]
[BlackElo "2620"]
[Annotator "TA"]
[PlyCount "61"]
[EventDate "2020.09.16"]
[EventType "team-tourn"]
[EventCountry "GER"]
[SourceTitle "playchess.com"]
[Source "ChessBase"]
[SourceQuality "1"]
[WhiteTeam "Bayern Muenchen"]
[BlackTeam "Solingen"]

{[%evp 9,61,18,45,45,58,54,57,0,185,181,181,163,177,185,180,181,193,193,193,174,173,171,170,175,190,188,191,204,190,195,279,272,245,118,233,151,268,180,727,676,856,650,692,545,545,545,537,537,532,510,651,633,811,779]} 1. e4 e5 2. Nf3 Nc6 3. Bb5 Nge7 4. Nc3 Ng6 5. h4 Nd4 6. Bc4 {[#] C60: Ruy Lopez: Unusual Black 3rd moves and 3...g6.} h5 $146 ({Predecessor:} 6... c6 7. Ng5 d5 8. exd5 Bf5 9. d3 b5 10. Bb3 b4 11. Nce4 h6 12. Nf3 Nxb3 13. axb3 cxd5 {0-1 (26) Armbrust,F (2321)-Stefanova,A (2557) Gibraltar 2009}) 7. Ng5 d5 8. Bxd5 (8. Nxd5 $14 f6 9. Nf3) 8... Nxh4 $2 {White stays focused until the end.} (8... Bg4 $1 $11 {and Black is okay.} 9. f3 (9. Bxf7+ Kd7 $11) (9. Nxf7 Bxd1 10. Nxd8 Bg4 $19) 9... Nxh4) 9. Bxf7+ $18 ({Don't blunder} 9. Nxf7 $2 Qf6 $19) 9... Kd7 10. d3 Nxg2+ 11. Kf1 Nf4 12. Bxf4 $1 exf4 13. Rxh5 Rxh5 14. Qxh5 {Hoping for Nd5.} c6 15. Qg4+ Kc7 16. Qxf4+ Bd6 17. e5 Be7 18. e6+ Qd6 19. Qxd6+ Kxd6 (19... Bxd6 {might work better.} 20. Kg2 b6) 20. Nce4+ Ke5 {[#]} 21. Kg2 (21. Re1 $1 $18 {is more deadly.}) 21... Kf5 (21... Bxg5 $16 22. Nxg5 Kf6) 22. Rh1 {Black must now prevent Rh5.} b6 (22... Bxe6 $16 23. Nxe6 Nxe6) 23. Nf3 Nxe6 $2 (23... Nxf3 24. Kxf3 Bxe6) 24. Rh5+ {White is clearly winning.} g5 {With the idea ...Nf4+.} 25. Nh4+ Kf4 26. Ng6+ {[%mdl 64] Double Attack} Kg4 27. Rh8 Nf4+ 28. Nxf4 Kxf4 {[#]} 29. Be6 $1 {[%mdl 512]} Bb7 (29... Bxe6 30. Rxa8) 30. Rh7 Re8 31. Bd7 {Accuracy: White = 63%, Black = 50%.} 1-0

[Event "BL Meisterschaftsturnier 2020"]
[Site "Karlsruhe"]
[Date "2020.09.19"]
[Round "5.10"]
[White "Van Foreest, Jorden"]
[Black "Bogner, Sebastian"]
[Result "1/2-1/2"]
[WhiteElo "2682"]
[BlackElo "2571"]
[Annotator "TA"]
[PlyCount "87"]
[EventDate "2020.09.16"]
[EventType "team-tourn"]
[EventCountry "GER"]
[SourceTitle "playchess.com"]
[Source "ChessBase"]
[SourceQuality "1"]
[WhiteTeam "Solingen"]
[BlackTeam "Bayern Muenchen"]

{[%evp 21,87,14,39,33,28,38,42,33,42,34,22,29,22,27,33,29,31,36,34,16,19,18,20,18,18,18,17,18,20,12,12,16,9,0,16,0,17,0,0,0,0,-9,-9,-8,-8,-8,-6,-12,0,0,0,0,0,0,0,0,0,0,0,0,0,0,0,0,0,0,0,0]} 1. e4 e5 2. Nf3 Nf6 3. Nxe5 d6 4. Nf3 Nxe4 5. d4 d5 6. Bd3 Bd6 7. O-O O-O 8. c4 c6 9. Nc3 Nxc3 10. bxc3 dxc4 11. Bxc4 Bf5 12. Bg5 {C42: Petroff Defence: 3 Nxe5 and unusual White 3rd moves.} Qa5 13. d5 Be4 {[%cal Rc6d5]} 14. dxc6 {[#] White is slightly better.} Nxc6 $146 {[#] ...Bxf3 is the strong threat.} ({Predecessor:} 14... Bxf3 15. Qxf3 Nxc6 16. Bd5 Ne5 17. Qe4 Rae8 18. Rad1 b5 19. Bb3 Nc4 20. Qb7 Re6 {½-½ (36) Le,Q (2708)-Deac,B (2613) Douglas 2019}) 15. Qxd6 {Hoping for Qg3.} Bxf3 $1 16. Qg3 Be4 17. Rfe1 Bg6 18. h4 Kh8 19. Rad1 Rfe8 20. Bb3 h6 {The position is equal.} 21. Rxe8+ Rxe8 22. Rd5 Qa6 {[#] Strongly threatening ...Re1+.} 23. Be3 {Threatens to win with h5.} Qe2 24. Kh2 Kh7 25. Bf4 Re7 26. f3 h5 27. Rd6 Na5 28. Rd2 Qf1 29. Rf2 Qb5 (29... Qb1 {seems wilder.} 30. Qg5 Nc6 31. Bd2 Re5 32. Qf4 Kg8) 30. Qg5 Qxg5 31. hxg5 Nxb3 32. axb3 $11 {[%mdl 4096] Endgame KRB-KRB} Bf5 33. Kg3 Kg6 34. Rd2 Rd7 (34... Re1 {is interesting.} 35. Rb2 a6 36. c4 Be6 37. Bd2 Rh1) 35. Rxd7 Bxd7 {KB-KB} 36. Be3 a6 37. Kf4 h4 38. b4 h3 39. gxh3 Bxh3 40. Bf2 Be6 41. Be3 Bd5 42. Bf2 Be6 43. Be3 Bd5 44. Bf2 {Accuracy: White = 100%, Black = 100%.} 1/2-1/2

[Event "BL Meisterschaftsturnier 2020"]
[Site "Karlsruhe"]
[Date "2020.09.19"]
[Round "5.10"]
[White "Baldauf, Marco"]
[Black "Meier, Georg"]
[Result "0-1"]
[WhiteElo "2503"]
[BlackElo "2622"]
[Annotator "TA"]
[PlyCount "58"]
[EventDate "2020.09.16"]
[EventType "team-tourn"]
[EventCountry "GER"]
[SourceTitle "playchess.com"]
[Source "ChessBase"]
[SourceQuality "1"]
[WhiteTeam "SF Berlin"]
[BlackTeam "Deizisau"]

{[%evp 9,58,33,29,21,29,24,20,17,22,27,13,13,13,10,25,0,31,33,31,0,32,43,20,33,29,31,53,13,18,18,12,14,14,-48,-31,-50,-56,-181,113,-163,-151,-517,-512,-503,-488,-493,-507,-498,-498,-469,-478]} 1. d4 e6 2. c4 b6 3. e4 Bb4+ 4. Bd2 Bxd2+ 5. Qxd2 d5 6. Bd3 {C01: French: Exchange Variation.} Ba6 7. Na3 dxc4 8. Bxc4 {[#] The position is equal.} Nf6 $146 ({Predecessor:} 8... Bxc4 9. Nxc4 Nf6 10. f3 O-O 11. Ne2 Qe7 12. O-O c5 13. d5 exd5 14. exd5 Rd8 {1-0 (46) Costachi,M (2471)-Balla,T (2328) Tasnad 2018}) 9. f3 O-O 10. Ne2 Qe7 11. Rc1 Rd8 12. Qe3 Qb4+ 13. Kf2 Bb7 14. g4 Bxe4 15. g5 Ng4+ $1 16. fxg4 Bxh1 17. Rxh1 Nc6 18. Qe4 Qxb2 {[%cal Rc6d4]} 19. Nb5 Nb4 20. h4 c6 21. g6 (21. Nbc3 $11) 21... cxb5 (21... hxg6 $5 {[%cal Rc6b5]} 22. Nbc3 Nd5 23. Bxd5 exd5 $17) 22. gxf7+ Kf8 (22... Kh8 $5 {[%cal Rb5c4]} 23. Bxe6 Nxa2 $17) 23. Bb3 (23. Bxe6 $15 Qc2 24. Kf3) 23... Nd5 $2 {[#]} (23... Nxa2 $19 24. Rb1 Nc3 {[%mdl 64] Double Attack} 25. Rxb2 Nxe4+ 26. Kf3 Nd6) 24. Rc1 $2 {[%mdl 8192] [#]} (24. Bxd5 $1 $16 {is necessary to keep the advantage.} exd5 25. Qxh7 Kxf7 26. Rf1) 24... Rd7 $1 $19 {[%cal Rd7f7]} ({Wrong is} 24... Kxf7 $2 25. Bxd5 Rxd5 26. Rc7+ Kg8 27. Qxe6+ Kh8 28. Qxd5 $18) 25. Qxe6 $2 (25. Rc2 $17 {is more resistant.} Qa3 26. Nf4 Rxf7 27. Qxe6 Rxf4+ {[%mdl 64] Double Attack} 28. Kg3) 25... Nf4 $1 {[%cal Rf4e6] Black is clearly winning.} 26. Qe4 Qxe2+ 27. Qxe2 Nxe2 28. Kxe2 Rxd4 29. Kf3 a5 {Accuracy: White = 48%, Black = 75%.} 0-1

[Event "BL Meisterschaftsturnier 2020"]
[Site "Karlsruhe"]
[Date "2020.09.19"]
[Round "5.11"]
[White "Bluebaum, Matthias"]
[Black "Sprenger, Jan Michael"]
[Result "1-0"]
[WhiteElo "2660"]
[BlackElo "2482"]
[Annotator "TA"]
[PlyCount "101"]
[EventDate "2020.09.16"]
[EventType "team-tourn"]
[EventCountry "GER"]
[SourceTitle "playchess.com"]
[Source "ChessBase"]
[SourceQuality "1"]
[WhiteTeam "Deizisau"]
[BlackTeam "SF Berlin"]

{[%evp 9,101,6,16,16,24,10,10,1,12,0,11,4,14,14,33,10,23,7,12,14,25,25,24,15,30,2,9,11,22,1,39,35,45,39,36,0,8,-2,7,0,0,0,33,35,113,10,34,22,21,24,54,59,66,64,100,84,149,142,133,121,144,133,136,118,135,114,114,107,108,68,179,182,335,343,333,329,334,336,575,568,545,537,948,884,1820,1845,5314,1320,29975,29976,29979,29980,29975,6287]} 1. d4 Nf6 2. Nf3 e6 3. Bf4 b6 4. e3 Bb7 5. Bd3 c5 6. O-O {A47: 1 d4 Nf6 2 Nf3 b6: Torre, London and Colle Systems.} Be7 7. h3 O-O 8. Nbd2 {The position is equal.} d6 9. Bh2 Re8 10. c3 Nc6 11. Re1 a6 12. a4 Bf8 {[#]} 13. Qb3 $146 ({Predecessor:} 13. dxc5 bxc5 14. e4 d5 15. exd5 exd5 16. Rxe8 Qxe8 17. Qb3 Qc8 18. Bf5 Qxf5 19. Qxb7 {1-0 (38) Gogolis,A (2245)-Tepalenis,N (2146) Athens 2012}) 13... Rc8 14. dxc5 dxc5 15. Qc2 Bd6 16. Bxd6 Qxd6 17. Nc4 Qc7 $1 18. Qb3 Nd7 19. Rad1 g6 20. Be2 Na5 21. Nxa5 bxa5 22. Rd2 Nf6 23. Red1 Bd5 24. Bc4 Rb8 25. Qa2 $1 Rb6 26. Bxd5 Nxd5 (26... exd5 $14 27. c4 dxc4) 27. Qc4 (27. e4 $16 Nf6 28. e5) 27... Nf6 28. Qh4 Kg7 29. Ng5 {[#] Rd7! is the strong threat.} Re7 30. Ne4 $1 $36 {[%mdl 2048] White has good play.} Nxe4 31. Qxe4 e5 32. Rd8 Qb7 ({Black should try} 32... Rxb2 33. Qa8 Qb7) 33. Qh4 $16 Rbe6 34. R1d2 e4 35. Qg5 Re5 36. Qg4 R5e6 37. R8d5 Qc6 38. h4 Qxa4 39. Rxc5 Rd7 (39... Rb7 $14) 40. Rxa5 $1 $18 Qc6 $2 (40... Qxa5 41. Rxd7 Qa1+ 42. Kh2 Rf6) 41. Rxd7 Qxd7 42. Rxa6 $1 {[%mdl 4096] Endgame KQR-KQR} h5 43. Qe2 Rxa6 $2 (43... Re5 44. Qc2 Qb5) 44. Qxa6 {KQ-KQ} Qd1+ 45. Qf1 Qg4 46. b4 {[%cal Bb2b4,Bb4b5,Bb5b6,Bb6b7][%mdl 32]} Qxh4 47. b5 Qf6 48. Qb1 (48. Qc4 $142 Qf5 49. b6) 48... Qxc3 49. b6 {White mates.} Qe5 50. b7 Qb8 51. Qxe4 {Accuracy: White = 85%, Black = 54%.} (51. Qa1+ $142 Kh7 52. Qa8 Qd6 53. b8=Q Qxb8 54. Qxb8 g5 {[#]} 55. Qe5 $1 {[%mdl 512]} Kg6 56. Qxe4+ Kg7 57. Qe5+ Kg6 58. e4) 1-0

[Event "BL Meisterschaftsturnier 2020"]
[Site "Karlsruhe"]
[Date "2020.09.19"]
[Round "5.11"]
[White "Dragnev, Valentin"]
[Black "Andersen, Mads"]
[Result "1/2-1/2"]
[WhiteElo "2553"]
[BlackElo "2585"]
[Annotator "TA"]
[PlyCount "41"]
[EventDate "2020.09.16"]
[EventType "team-tourn"]
[EventCountry "GER"]
[SourceTitle "playchess.com"]
[Source "ChessBase"]
[SourceQuality "1"]
[WhiteTeam "Bayern Muenchen"]
[BlackTeam "Solingen"]

{[%evp 10,41,16,14,15,11,19,12,25,24,29,5,10,7,22,11,17,0,24,-43,-14,-21,0,-28,-30,-30,-29,-35,-31,-20,-17,-17,-18,-24]} 1. e4 c6 2. Nf3 d5 3. Nc3 Bg4 4. h3 Bxf3 5. Qxf3 e6 6. Be2 Bc5 {B11: Caro-Kann: Two Knights Variation.} 7. O-O Nd7 $1 {[%mdl 4] now scores much better than the old 7...Ne7.} 8. exd5 exd5 {[#]} 9. Re1 $146 {And now Ba6+ would win.} ({Predecessor:} 9. Rd1 Bd4 10. Re1 Ne7 11. Bd1 O-O 12. Ne2 Bb6 13. d4 Nf6 14. c3 Ne4 15. Bc2 {½-½ (27) Ziaziulkina,N (2363)-Nechaeva,M (2413) Stary Smokovec 2018}) 9... Ne7 10. Bf1 O-O 11. Ne2 Ng6 12. d4 Bd6 13. Bd2 Qc7 14. b3 (14. Ng3 $11) 14... Nf6 15. Nc3 Qb6 16. Qd3 Nf4 17. Bxf4 Bxf4 18. Re2 Rae8 19. Rae1 Qd8 20. g3 Bd6 21. Bg2 {Accuracy: White = 82%, Black = 88%.} 1/2-1/2

[Event "BL Meisterschaftsturnier 2020"]
[Site "Karlsruhe"]
[Date "2020.09.19"]
[Round "5.12"]
[White "Blohberger, Felix"]
[Black "Donchenko, Alexander"]
[Result "1-0"]
[WhiteElo "2467"]
[BlackElo "2654"]
[Annotator "TA"]
[PlyCount "133"]
[EventDate "2020.09.16"]
[EventType "team-tourn"]
[EventCountry "GER"]
[SourceTitle "playchess.com"]
[Source "ChessBase"]
[SourceQuality "1"]
[WhiteTeam "SF Berlin"]
[BlackTeam "Deizisau"]

{[%evp 11,133,10,24,18,8,15,27,18,14,18,20,14,24,26,25,-7,-14,-19,-19,-54,-54,-38,-44,-36,-32,-37,-27,-40,-22,-45,-55,-77,-41,-31,-11,-24,-13,-13,0,-89,-85,-90,-84,-84,-81,-77,-77,-72,-73,-85,-81,-89,-93,-95,-93,-87,-90,-120,-125,-126,-141,-123,-123,-119,-136,-135,-146,-134,-133,-229,-229,-293,-281,-322,-323,-315,-310,-304,-306,-288,-250,-246,-187,-187,-187,-218,-158,-151,-147,-167,-106,-145,-148,-147,-141,-142,-91,-141,-144,-144,-101,-94,-94,-135,-97,-97,-97,-102,-97,-117,-92,-166,0,0,0,0,0,0,29989,29990,29995,29996,29996,-84]} 1. e4 c6 2. d4 d5 3. exd5 cxd5 4. c4 Nf6 5. Nc3 Nc6 6. Nf3 a6 7. c5 {B13: Caro-Kann: Exchange Variation and Panov-Botvinnik Attack.} Bg4 8. Be2 {[#]} g6 $146 ({Predecessor:} 8... e6 9. a3 Qc7 10. O-O Be7 11. g3 b6 12. Bf4 Qb7 13. b4 O-O 14. Rb1 Bf5 15. Bd3 {0-1 (65) Taskaya,F (1669)-Saglam,E (1623) Konya 2019}) 9. O-O {White has an edge.} Bg7 10. h3 Bxf3 11. Bxf3 O-O 12. Rb1 e6 13. Bf4 Nd7 14. Ne2 a5 15. b3 b6 16. cxb6 Qxb6 {[%cal Rc6d4]} 17. Be3 $1 Rfc8 18. Qd2 Nf6 19. Rfc1 Bf8 20. Qb2 Ne8 21. Nc3 Bg7 22. Na4 Qa7 {[%cal Rc6d4]} 23. Rc5 $1 Bf8 24. Rc3 Ne7 25. Nc5 (25. g4 $11) 25... Nf5 26. Rbc1 Bg7 27. Qd2 Ned6 28. g4 Nxe3 29. fxe3 Qe7 30. Kh1 Rc7 31. Bg2 Rac8 32. Nd3 Bh6 33. Rxc7 Rxc7 34. Rxc7 Qxc7 35. Nc5 Qd8 36. Qe1 Qg5 37. e4 dxe4 38. Nxe4 Nxe4 39. Bxe4 Bg7 40. Qc3 (40. d5 $17 {is a better defense.}) 40... Qf4 $19 {White must now prevent ...Qf1+.} 41. Qd3 Qf2 42. d5 Be5 {[%csl Ge5][%cal Rf2h2]} ({Not} 42... Qxa2 43. dxe6 fxe6 44. Qc4 $17) 43. Bg2 {intending dxe6.} exd5 ({Stronger than} 43... Qxa2 44. dxe6 Kf8 45. exf7 $11) 44. a3 d4 45. b4 axb4 46. axb4 Qe1+ 47. Bf1 Qxb4 48. Qe4 Qe7 49. Kg2 Qg5 50. Be2 Qf6 (50... Bf6 $19 {Strongly threatening ...Qd2.} 51. Bc4 Kg7) 51. Qf3 Qd8 52. Bc4 Qc7 53. Qd5 Kg7 (53... Bf6 $142 54. Qa8+ Kg7) 54. Bd3 Qe7 55. Bc4 Qf6 56. Qf3 Bf4 57. Qd5 Be3 {( -> ...Qf2+)} 58. Qf3 Qe7 59. Qd5 Qc7 60. Bb3 Qa7 61. Qe5+ (61. h4 $17) 61... Kh6 $2 (61... f6 $1 $19 {[%cal Rf6e5]} 62. Qd5 Kh6) 62. h4 $1 $11 {g5+ would kill now.} Qa1 63. Bd5 $1 {Intending g5+ and mate.} Qg1+ 64. Kh3 {[#] White threatens Qh8! and mate.} Qf2 $2 {[%mdl 8192] [#]} (64... f5 $1 $11 65. gxf5 Qf2) 65. Qh8 $1 {[%cal Rh8f8][%mdl 512] White mates.} g5 66. Qf8+ {[%mdl 64] Double Attack} Kg6 67. h5+ {[%mdl 32768] Accuracy: White = 77%, Black = 80%. . Loss on time!?} 1-0